Claude Denjean, Juifs et Chrétiens, de Perpignan à Puigcerdà, xiiie-xive siècles, Canet, Éditions Trabucaïre, « coll. Història », 2004, 239 p., 20 €, isbn 2912966744 (notice n° 1585285)

détails MARC
000 -LEADER
fixed length control field 01546cam a2200169 4500500
005 - DATE AND TIME OF LATEST TRANSACTION
control field 20251228053344.0
041 ## - LANGUAGE CODE
Language code of text/sound track or separate title fre
042 ## - AUTHENTICATION CODE
Authentication code dc
100 10 - MAIN ENTRY--PERSONAL NAME
Personal name Larguier, Gilbert
Relator term author
245 00 - TITLE STATEMENT
Title Claude Denjean, Juifs et Chrétiens, de Perpignan à Puigcerdà, xiiie-xive siècles, Canet, Éditions Trabucaïre, « coll. Història », 2004, 239 p., 20 €, isbn 2912966744
260 ## - PUBLICATION, DISTRIBUTION, ETC.
Date of publication, distribution, etc. 2005.<br/>
500 ## - GENERAL NOTE
General note 98
520 ## - SUMMARY, ETC.
Summary, etc. RésuméAu cours du Moyen Âge, l’administration royale contrôle la création des marchés hebdomadaires et impose une procédure aboutissant à la rédaction d’une lettre patente qui donne à une seigneurie le droit à rassembler un marché en un lieu et jour donné. L’étude de ces lettres permet d’observer la mise en place du réseau des marchés mais aussi d’appréhender les motivations économiques qui ont présidé à leur création.
520 ## - SUMMARY, ETC.
Summary, etc. During the Middle Ages the royal administration controls the Periodic markets creation and imposes a creation procedure ending up at the writing of a Letters Patent which give permission to a seigniory to gather a market in a definite place and day. The study of these Letters Patent allows to observe the installation of the network of the markets but also to grasp the economic motivations which leaded to these creations.
786 0# - DATA SOURCE ENTRY
Note Histoire & Sociétés Rurales | 24 | 2 | 2005-10-01 | p. 171n-276n | 1254-728X
856 41 - ELECTRONIC LOCATION AND ACCESS
Uniform Resource Identifier <a href="https://shs.cairn.info/revue-histoire-et-societes-rurales-2005-2-page-171n?lang=fr&redirect-ssocas=7080">https://shs.cairn.info/revue-histoire-et-societes-rurales-2005-2-page-171n?lang=fr&redirect-ssocas=7080</a>

Pas d'exemplaire disponible.

PLUDOC

PLUDOC est la plateforme unique et centralisée de gestion des bibliothèques physiques et numériques de Guinée administré par le CEDUST. Elle est la plus grande base de données de ressources documentaires pour les Étudiants, Enseignants chercheurs et Chercheurs de Guinée.

Adresse

627 919 101/664 919 101

25 boulevard du commerce
Kaloum, Conakry, Guinée

Réseaux sociaux

Powered by Netsen Group @ 2025